Vplyv nočného útlmu na prevádzku CZT
Gespeichert in:
| 1. Verfasser: | |
|---|---|
| Weitere Verfasser: | |
| Format: | Manuskript Buch |
| Sprache: | Slowakisch |
| Veröffentlicht: |
2015
|
| Schlagworte: | |
| Online-Zugang: | http://is.stuba.sk/zp/portal_zp.pl?podrobnosti=112901 |
| Tags: |
Keine Tags, Fügen Sie das erste Tag hinzu!
|
MARC
| LEADER | 00000ntm a22000003a 4500 | ||
|---|---|---|---|
| 001 | stuzp52561 | ||
| 003 | SK-STU | ||
| 005 | 20160719154218.6 | ||
| 007 | ta | ||
| 008 | 150427s2015----xo-----f-mn---000-0-slo-d | ||
| 040 | |a STU |b slo | ||
| 041 | 0 | |a slo | |
| 100 | 1 | |a Záborský, Juraj |u 020060 |4 aut |U SjF Strojnícka fakulta |T SjF Ústav tepelnej energetiky |X 69931 |U J0060 |Y 805 |7 A000069931 | |
| 242 | 0 | 1 | |a Impact of the night standby mode on district heating system operation |y eng |
| 245 | 1 | 0 | |a Vplyv nočného útlmu na prevádzku CZT |
| 260 | |c 2015 | ||
| 650 | 4 | |a Centralizované zásobovanie teplom |2 slo | |
| 650 | 4 | |a Zdroj tepla |2 slo | |
| 650 | 4 | |a Odovzdávacia stanica tepla |2 slo | |
| 650 | 4 | |a Primárny a sekundárny rozvod |2 slo | |
| 650 | 4 | |a Nočný útlm dodávky tepla |2 slo | |
| 650 | 4 | |a Heat source |2 eng | |
| 650 | 4 | |a Heat distribution station |2 eng | |
| 650 | 4 | |a Primary and secondary distribution system |2 eng | |
| 650 | 4 | |a District heating |2 eng | |
| 650 | 4 | |a Night stand by mode |2 eng | |
| 700 | 1 | |a Ridzoň, František |4 ths |X 2347 |7 A000002347 | |
| 856 | 4 | |u http://is.stuba.sk/zp/portal_zp.pl?podrobnosti=112901 | |
| 996 | |b 284J043733 |c J* 2023/DP |l JJSK |s A |a 24 |w stuzp52561_0001 | ||
| SQL | |a stuzp52561 |b DDP |c SLO |d Vplyv nočného útlmu na prevádzku CZT |e 69931 |f Záborský, Juraj |g 020060 |h 2347 |i Ridzoň, František |j 20150617 |k 61 |l 02 |m http://is.stuba.sk/zp/portal_zp.pl?podrobnosti=112901 |n I-TESZ |o 5.2.29. energetika | ||